Nezáujem

Bibliographic Details
Main Author: Durbák, Marián (Author)
Format: Article
Language:Slovak
ISSN:1335-5139
Subjects:

MARC

LEADER 00000nab a2200000 a 4500
001 vtls001495006
003 SK-MaSNL
005 20260426083926.0
008 250505c2003 xo g 0 slo
015 |a SNBCL2005/2 
035 |a (uuid)2ba236ce-c72b-4be8-baf9-7a3aca92ae96 
035 |a urn:nbn:sk:snk-abu9d 
035 |a (urnnbn)urn:nbn:sk:snk:ar-a04vne 
040 |a SNKBUCL  |b slo  |c SNKBUCL  |e AACR2 
041 0 |a slo 
044 |a xo  |c SK 
080 |a 616.348-006.6:616-039.71(437.6)  |2 1981 
100 1 |a Durbák, Marián  |4 aut  |9 215576 
245 1 0 |a Nezáujem  |c Marián Durbák 
650 0 7 |a nádory kolorektálne  |x diagnostika  |2 MESH  |9 875963 
650 0 7 |a prevencia primárna  |x metódy  |2 MESH  |9 845219 
650 0 7 |a hromadný skríning  |2 MESH  |9 197121 
651 7 |a Slovensko  |2 SNKBUCL  |9 14231 
651 7 |a Slovensko  |2 MESH  |9 14231 
773 0 |t Medicina Militaris Slovaca  |g Roč. 5, č. 2 (2003), s. 2-3  |x 1335-5139 
850 |a Slovenská národná knižnica 
852 |a Slovenská národná knižnica 
954 |a odborná, vedecká literatúra pôvodná (slovenská)  |2 lita 
958 |a article27 
958 |a OND 
958 |a EUIPO 
999 |c 2917253  |d 2919183